El halcón del mar /

Guardado en:
Autor Principal: Sabatini, Rafael
Formato: Libro
Publicado: Barcelona : Molino, 1945
Materias:
Etiquetas: Agregar Etiqueta
Sin Etiquetas, Sea el primero en etiquetar este registro!
LEADER 00469nam a22001815a 4500
001 CEM.cems005691
005 20060221000000.0
008 130507s1945##################000#0#####d
003 CEMS
082 0 4 |a 823.9 
100 1 |a Sabatini, Rafael 
245 1 0 |a El halcón del mar / 
260 |a Barcelona :  |b Molino,  |c 1945 
300 |a 254 p. 
653 |a Literatura 
653 |a Novela inglesa 
653 |a Novelas 
859 |a CEMS  |b BIB. CEMS - 11 de abril  |h 823.9  |i Sa13-7  |p 10031.82  |t Ej.1